000
00395nam a22001697a 4500
003
MPLRDC
005
20220104144449.0
008
210129b ||||| |||| 00| 0 eng d
082
_a
831.4 YSM
100
_a
余思牧编著
245
_a
唐诗杰作论析
_c
250
_a
初版
260
_a
_b
万千出版社
_c
1956
300
_b
平
650
_a
唐诗总集
942
_c
BK
_o
831.4 YSM
999
_c
49855
_d
49845